[Event "Titled Tue 3rd Jan Late"]
[Site "chess.com INT"]
[Date "2025.06.03"]
[Round "5"]
[White "Qin, Kevin"]
[Black "Papasimakopoulos, Alexandros"]
[Result "0-1"]
[BlackTitle "IM"]
[WhiteElo "2017"]
[BlackElo "2366"]
[WhiteFideId "2627949"]
[BlackFideId "4244125"]
[EventDate "2025.06.03"]

1. h3 d5 2. e4 dxe4 3. Nc3 Nf6 4. d3 exd3 5. Bxd3 Nc6 6. Bg5 h6 7. Bh4 e5 8. Qe2
Bd6 9. O-O-O Be6 10. Kb1 g5 11. Bg3 Qe7 12. Bb5 a6 13. Bxc6+ bxc6 14. Nf3 Nd7
15. Ne4 f5 16. Nxd6+ cxd6 17. Rhe1 f4 18. Bh2 O-O 19. Nd4 exd4 20. Qxe6+ Qxe6
21. Rxe6 Rf6 22. Re7 Rf7 23. Re6 Rf6 24. Re7 Ne5 25. Rxd4 Kf8 26. Rh7 Re8 27.
Rh8+ Kf7 28. Rxe8 Kxe8 29. Re4 Kd7 30. Re1 h5 31. f3 c5 32. b3 Kc6 33. Bg1 g4
34. hxg4 hxg4 35. fxg4 Rg6 36. Rf1 Rxg4 37. Bh2 Ng6 38. c4 Kd7 39. Rf2 Ke6 40.
Kc2 Ke5 41. Re2+ Kf5 42. Rd2 Nh4 43. g3 fxg3 44. Bxg3 Rxg3 45. Rxd6 Rg2+ 46. Kc3
Rxa2 47. Rd5+ Ke6 48. Rxc5 Nf5 49. Rc8 Nd6 50. Rh8 Kd7 51. c5 Nb7 52. Kb4 Rc2
53. Rh7+ Kc6 54. Rh6+ Kc7 55. Rxa6 Nxc5 56. Rh6 Nd3+ 57. Kb5 Rc5+ 58. Ka4 Rc1
59. Kb5 Rc3 60. b4 Rc1 61. Rh3 Ne5 62. Rh5 Nd7 63. Rh7 Rd1 64. Kc4 Kb7 65. Rg7
Ka6 66. Re7 Nb6+ 67. Kb3 Rd3+ 68. Kc2 Rh3 69. Re5 Nc4 70. Rc5 Na3+ 71. Kd2 Kb6
72. Rg5 Nc4+ 73. Ke2 Rb3 74. b5 Re3+ 75. Kf2 Re7 76. Rf5 Nd6 77. Rf6 Kc5 78. Rh6
Nxb5 79. Kf3 Nd4+ 80. Kf4 Rf7+ 81. Ke4 Kc4 82. Rh8 Re7+ 83. Kf4 Kd3 84. Rd8 Re4+
85. Kg3 Ke3 86. Ra8 Re7 87. Ra3+ Ke4 88. Ra4 Rg7+ 89. Kf2 Rg8 90. Rb4 Rf8+ 91.
Kg3 Ke3 92. Ra4 Rg8+ 93. Kh4 Rg1 94. Ra3+ Kf4 95. Kh5 Rg5+ 96. Kh6 Nf5+ 97. Kh7
Rg1 98. Ra4+ Ke5 99. Ra5+ Kf6 100. Ra6+ Kf7 101. Ra7+ Ne7 102. Kh6 Rg4 103. Kh5
Rg1 104. Ra4 Kf6 105. Rf4+ Nf5 106. Ra4 Rg5# 0-1

[Event "Titled Tue 3rd Jan Late"]
[Site "chess.com INT"]
[Date "2025.06.03"]
[Round "5"]
[White "Mai, Alexander Oliver"]
[Black "Gomez Gonzales, Fabiana"]
[Result "1/2-1/2"]
[BlackTitle "WCM"]
[WhiteElo "2171"]
[BlackElo "1843"]
[WhiteFideId "2313391"]
[BlackFideId "3860191"]
[EventDate "2025.06.03"]

1. Nf3 Nf6 2. g3 d5 3. Bg2 e6 4. O-O g6 5. c4 c6 6. d4 Bg7 7. b3 O-O 8. Bb2 Nbd7
9. Nc3 b6 10. Rc1 Bb7 11. Re1 Rc8 12. Qd3 c5 13. cxd5 exd5 14. Ne5 cxd4 15. Nxd7
Qxd7 16. Nb5 Ba6 17. a4 Ne4 18. Bxd4 Bxb5 19. axb5 Bxd4 20. Qxd4 Qxb5 21. Ra1 a5
22. Bxe4 dxe4 23. Qxe4 Qxb3 24. Reb1 Qc3 25. Ra2 Qc6 26. Qe3 Rb8 27. Rab2 Rfe8
28. Qd4 Re6 29. Rb5 Rxe2 30. Rxb6 Rxb6 31. Rxb6 Qe8 32. Rd6 Re1+ 33. Kg2 Qa8+
34. Kh3 Re8 35. Qa4 Qc8+ 36. Qd7 Qb8 37. Ra6 Rf8 38. Rxa5 Qb6 39. Ra2 Qf6 40.
Kg2 Qg7 41. Qd2 Qf6 42. Rc2 Qe6 43. Rc3 Qe4+ 44. Kg1 Re8 45. Re3 Qb1+ 46. Kg2
Qb7+ 47. Kg1 Rc8 48. Rc3 Ra8 49. f3 Ra1+ 50. Kf2 Ra8 51. Rc2 Qb6+ 52. Kg2 Rd8
53. Qf2 Qf6 54. Re2 Rd7 55. h4 Kg7 56. Rc2 Qd6 57. Re2 Qd3 58. Rc2 Qd5 59. Re2
Qf5 60. Rc2 Qf6 61. Re2 h5 62. Rc2 Rd6 63. Re2 Ra6 64. Rc2 Ra1 65. Re2 Qf5 66.
Rd2 Qb5 67. Rb2 Qf5 68. Rc2 Qf6 69. Rb2 Ra7 70. Rc2 Re7 71. Rb2 Kh7 72. Rc2 Re6
73. Rb2 Rd6 74. Ra2 Rb6 75. Rc2 Ra6 76. Re2 Rb6 77. Rd2 Rc6 78. Rc2 Re6 79. Re2
Rd6 80. Rd2 Rc6 81. Rc2 Rb6 82. Ra2 Rb5 83. Rc2 Rb3 84. Re2 Qf5 85. Rd2 Qf6 86.
Rc2 Rd3 87. Rd2 Qf5 88. Rxd3 Qxd3 89. Qa2 Qf5 90. Qb2 Kh6 91. Qd2+ Kh7 92. Qa2
Qe6 93. Qxe6 fxe6 94. Kf2 Kg7 95. Ke3 Kf6 96. Ke4 Kf7 97. Ke5 Ke7 98. Ke4 Kf7
99. Kf4 Kf6 100. Ke4 Ke7 101. Ke5 Kf7 102. Kd4 Kf6 103. Ke4 1/2-1/2

[Event "Titled Tue 3rd Jan Late"]
[Site "chess.com INT"]
[Date "2025.06.03"]
[Round "6"]
[White "Wuebker, Paul-Luca"]
[Black "Zlatkov, Anton"]
[Result "0-1"]
[WhiteTitle "CM"]
[BlackTitle "FM"]
[WhiteElo "2244"]
[BlackElo "2322"]
[WhiteFideId "12939528"]
[BlackFideId "15005402"]
[EventDate "2025.06.03"]

1. e4 c5 2. Nf3 a6 3. c3 Nf6 4. e5 Nd5 5. Bc4 Nb6 6. Bb3 Nc6 7. d4 cxd4 8. cxd4
d5 9. O-O Bg4 10. Be3 e6 11. Nbd2 Be7 12. h3 Bh5 13. Qe2 Rc8 14. Rfc1 O-O 15.
Rc2 Na5 16. Rac1 Rxc2 17. Rxc2 Nxb3 18. axb3 Bg6 19. Rc1 Qd7 20. Nh4 Bxh4 0-1

[Event "Titled Tue 3rd Jan Late"]
[Site "chess.com INT"]
[Date "2025.06.03"]
[Round "6"]
[White "Papasimakopoulos, Alexandros"]
[Black "Aronian, Levon"]
[Result "0-1"]
[WhiteTitle "IM"]
[BlackTitle "GM"]
[WhiteElo "2366"]
[BlackElo "2747"]
[WhiteFideId "4244125"]
[BlackFideId "13300474"]
[EventDate "2025.06.03"]

1. d4 e6 2. c4 d5 3. Nc3 Nf6 4. cxd5 exd5 5. Bg5 Bb4 6. e3 h6 7. Bxf6 Qxf6 8.
Qa4+ Nc6 9. Nf3 O-O 10. Be2 Rd8 11. O-O Bf8 12. Rfc1 a6 13. a3 Ne7 14. b4 c6 15.
Qd1 Nf5 16. Ne5 Bd6 17. Nf3 Re8 18. Na4 Rb8 19. Nc5 g5 20. g3 h5 21. Ne1 h4 22.
Ng2 hxg3 23. hxg3 Nxg3 24. fxg3 Bxg3 25. Qf1 Qh6 0-1

[Event "Titled Tue 3rd Jan Late"]
[Site "chess.com INT"]
[Date "2025.06.03"]
[Round "6"]
[White "Akhayan, Ruben"]
[Black "Montano Vicente, Guadalupe"]
[Result "1-0"]
[WhiteTitle "FM"]
[WhiteElo "2265"]
[BlackElo "1940"]
[WhiteFideId "204439"]
[BlackFideId "5181399"]
[EventDate "2025.06.03"]

1. Nf3 Nf6 2. d4 b6 3. Bf4 Bb7 4. e3 e6 5. c3 Ne4 6. Bd3 Be7 7. Nbd2 f5 8. Qc2
d5 9. Ne5 Nd7 10. f3 Nxd2 11. Qxd2 Nxe5 12. Bxe5 Bf6 13. f4 Qe7 14. Qe2 c6 15.
O-O O-O 16. Kh1 c5 17. g4 Bxe5 18. fxe5 fxg4 19. Qxg4 g6 20. Bxg6 hxg6 21. Qxg6+
Kh8 22. Qh6+ Qh7 23. Rxf8+ Rxf8 1-0

[Event "Titled Tue 3rd Jan Late"]
[Site "chess.com INT"]
[Date "2025.06.03"]
[Round "6"]
[White "Antoniou, Rafail"]
[Black "Bukreev, Stanislav"]
[Result "1-0"]
[WhiteTitle "CM"]
[BlackTitle "FM"]
[WhiteElo "2134"]
[BlackElo "2328"]
[WhiteFideId "5904390"]
[BlackFideId "34252347"]
[EventDate "2025.06.03"]

1. e4 e6 2. Qe2 c5 3. Nf3 Nc6 4. d3 g6 5. g3 Bg7 6. Bg2 Nge7 7. O-O O-O 8. c3 e5
9. Na3 d6 10. Nc2 h6 11. b4 a6 12. a4 Be6 13. b5 axb5 14. axb5 Ra2 15. Rxa2 Bxa2
16. bxc6 Nxc6 17. Ne3 Be6 18. Nd5 f5 19. Nh4 Kh7 20. exf5 gxf5 21. Qh5 Qe8 22.
Qxe8 Rxe8 23. Nc7 Re7 24. Nxe6 Rxe6 25. Nxf5 Ne7 26. Nxe7 Rxe7 27. Be3 b5 28.
Rb1 c4 29. dxc4 bxc4 30. Bd5 Rc7 31. Rb4 e4 32. Rxc4 Rxc4 33. Bxc4 Bxc3 34. Bd5
Kg7 35. Bxe4 h5 36. h4 Kf6 37. Kf1 Ke5 38. Bf3 d5 39. Ke2 d4 40. Bf4+ Kf5 41.
Bxh5 Ba5 42. Bf3 Bb6 43. Kd3 Bc5 44. Be4+ Kg4 45. Be5 Bb4 46. Bxd4 Be1 47. Ke2
Bb4 48. Be3 Bd6 49. Kf1 Bxg3 50. fxg3 Kh3 51. h5 1-0

[Event "Titled Tue 3rd Jan Late"]
[Site "chess.com INT"]
[Date "2025.06.03"]
[Round "6"]
[White "Melendez Manuel A."]
[Black "Bian, Alex"]
[Result "0-1"]
[WhiteTitle "FM"]
[BlackTitle "FM"]
[WhiteElo "2154"]
[BlackElo "2342"]
[WhiteFideId "6706800"]
[BlackFideId "2056372"]
[EventDate "2025.06.03"]

1. e4 c5 2. Nc3 Nc6 3. g3 g6 4. Bg2 Bg7 5. d3 d6 6. Nge2 e5 7. O-O Nge7 8. f4
O-O 9. Be3 Nd4 10. Qd2 Bg4 11. h3 Bxe2 12. Nxe2 Nxe2+ 13. Qxe2 exf4 14. Rxf4
Bxb2 15. Rb1 Be5 16. Rf3 b6 17. Rbf1 Nc6 18. R3f2 Bxg3 19. Rf3 Be5 20. Qf2 Nd4
21. Rxf7 Ne2+ 0-1

[Event "Titled Tue 3rd Jan Late"]
[Site "chess.com INT"]
[Date "2025.06.03"]
[Round "6"]
[White "El Jawich, Amro"]
[Black "Hiwale, Ronak"]
[Result "0-1"]
[WhiteTitle "FM"]
[WhiteElo "2307"]
[BlackElo "2105"]
[WhiteFideId "5300380"]
[BlackFideId "30975336"]
[EventDate "2025.06.03"]

1. g3 g6 2. Bg2 Bg7 3. c4 Nf6 4. Nc3 O-O 5. e4 d6 6. Nge2 e5 7. O-O Nc6 8. a3
Nd4 9. b4 c5 10. d3 Ne8 11. Rb1 f5 12. exf5 gxf5 13. f4 Nf6 14. Re1 Ng4 15. h3
Nf6 16. Be3 Kh8 17. Nd5 Nxd5 18. Bxd5 Rb8 19. Nc3 exf4 20. Bxf4 b6 21. bxc5 Bb7
22. Bxd6 Bxd5 23. Nxd5 Rb7 24. Bxf8 Qxf8 25. cxb6 axb6 26. Kh1 h6 27. Rxb6 Rxb6
28. Nxb6 Qb8 29. Nd5 Qxg3 30. Rg1 Qxh3# 0-1

[Event "Titled Tue 3rd Jan Late"]
[Site "chess.com INT"]
[Date "2025.06.03"]
[Round "6"]
[White "Uzuner, Tufan Can"]
[Black "Tripodi, Enzo"]
[Result "1-0"]
[WhiteTitle "CM"]
[WhiteElo "1886"]
[BlackElo "2215"]
[WhiteFideId "6300499"]
[BlackFideId "2822674"]
[EventDate "2025.06.03"]

1. d4 d5 2. Nf3 Nf6 3. e3 c5 4. c4 Nc6 5. cxd5 Nxd5 6. e4 Nf6 7. d5 Nb8 8. Nc3
e6 9. Bb5+ Bd7 10. dxe6 fxe6 11. Ne5 Bxb5 12. Qxd8+ Kxd8 13. Nxb5 Kc8 14. f3 a6
15. Nc3 Nbd7 16. Nf7 Rg8 17. Bf4 h6 18. Nd6+ Bxd6 19. Bxd6 b6 20. O-O-O Kb7 21.
e5 Ne8 22. Ne4 Nxd6 23. Rxd6 Nxe5 24. Rxe6 Rge8 25. Nd6+ Kc6 26. Rxe8 Ra7 27.
Rxe5 Kxd6 28. Rhe1 1-0

[Event "Titled Tue 3rd Jan Late"]
[Site "chess.com INT"]
[Date "2025.06.03"]
[Round "6"]
[White "Panin, Mikhail"]
[Black "Naroditsky, Daniel"]
[Result "0-1"]
[WhiteTitle "CM"]
[BlackTitle "GM"]
[WhiteElo "2262"]
[BlackElo "2619"]
[WhiteFideId "34164992"]
[BlackFideId "2026961"]
[EventDate "2025.06.03"]

1. Nf3 Nf6 2. b3 g6 3. Bb2 Bg7 4. g3 O-O 5. Bg2 d6 6. d4 Nbd7 7. O-O c6 8. Nbd2
Qc7 9. e4 e5 10. Re1 exd4 11. Nxd4 Re8 12. h3 a5 13. a4 Nc5 14. Kh2 h5 15. f4 h4
16. g4 g5 17. fxg5 Nfxe4 18. Nxe4 d5+ 19. Kh1 Nxe4 20. Qf3 Bd7 21. Rad1 Qg3 22.
Rf1 Qxf3 23. Rxf3 c5 0-1

[Event "Titled Tue 3rd Jan Late"]
[Site "chess.com INT"]
[Date "2025.06.03"]
[Round "6"]
[White "Thake, Conrad"]
[Black "Lacasa Diaz, Josep Anton"]
[Result "0-1"]
[WhiteTitle "CM"]
[BlackTitle "IM"]
[WhiteElo "1873"]
[BlackElo "2304"]
[WhiteFideId "5602947"]
[BlackFideId "2203375"]
[EventDate "2025.06.03"]

1. c4 Nf6 2. Nc3 d6 3. g3 g6 4. Bg2 Bg7 5. Rb1 O-O 6. b4 e5 7. d3 Nbd7 8. Bd2 a5
9. a3 axb4 10. axb4 Re8 11. Nd5 c6 12. Nxf6+ Nxf6 13. Bg5 h6 14. Be3 d5 15. Qd2
Kh7 16. cxd5 cxd5 17. d4 Ng4 18. dxe5 Nxe3 19. Qxe3 Rxe5 20. Qd2 Bf5 21. Rd1 Rc8
22. e4 Bxe4 23. Bxe4 Rxe4+ 24. Ne2 Bc3 0-1

[Event "Titled Tue 3rd Jan Late"]
[Site "chess.com INT"]
[Date "2025.06.03"]
[Round "6"]
[White "Dogan, Umut Anil"]
[Black "Sanal, Vahap"]
[Result "1-0"]
[WhiteTitle "CM"]
[BlackTitle "GM"]
[WhiteElo "2123"]
[BlackElo "2555"]
[WhiteFideId "51618060"]
[BlackFideId "6300545"]
[EventDate "2025.06.03"]

1. d4 d5 2. Nf3 c6 3. e3 Bg4 4. h3 Bh5 5. c4 e6 6. Nc3 Nf6 7. Be2 Bxf3 8. Bxf3
dxc4 9. O-O Nbd7 10. a4 a5 11. b3 cxb3 12. Qxb3 Qc7 13. Bb2 Be7 14. Rab1 O-O 15.
Rfc1 Rfc8 16. Ne4 Nxe4 17. Bxe4 Nf6 18. Bf3 Bb4 19. Bc3 Bxc3 20. Rxc3 Qd6 21.
Rc5 Nd7 22. Rcc1 Rc7 23. Qc3 g6 24. g3 h5 25. h4 Nf6 26. Kg2 Nd5 27. Bxd5 exd5
28. Qc5 Qe6 29. Rb6 Re7 30. Rcb1 Qc8 31. Qxe7 1-0

[Event "Titled Tue 3rd Jan Late"]
[Site "chess.com INT"]
[Date "2025.06.03"]
[Round "6"]
[White "Kislinsky, Alexey"]
[Black "Paravyan, David"]
[Result "1/2-1/2"]
[WhiteTitle "GM"]
[BlackTitle "GM"]
[WhiteElo "2350"]
[BlackElo "2596"]
[WhiteFideId "14108801"]
[BlackFideId "4194985"]
[EventDate "2025.06.03"]

1. d4 d5 2. c4 e6 3. Nf3 Nf6 4. e3 Be7 5. Nbd2 O-O 6. Bd3 c5 7. b3 cxd4 8. exd4
dxc4 9. bxc4 b5 10. cxb5 a6 11. bxa6 Bxa6 12. Bxa6 Rxa6 13. O-O Nc6 14. Nb3 Qa8
15. Qe2 Rb8 16. Nc5 Ra5 17. Be3 Nxd4 18. Nxd4 Bxc5 19. Nb3 Rxb3 20. axb3 Rxa1
21. Bxc5 Rxf1+ 22. Qxf1 Qa2 23. b4 Nd5 24. g3 Qc2 25. Qb5 Qb1+ 26. Qf1 Qc2 27.
Qb5 Qb1+ 28. Qf1 Qc2 1/2-1/2

[Event "Titled Tue 3rd Jan Late"]
[Site "chess.com INT"]
[Date "2025.06.03"]
[Round "6"]
[White "Garcia Correa, Jose Ricardo"]
[Black "Guo, Felix"]
[Result "0-1"]
[WhiteTitle "FM"]
[WhiteElo "2103"]
[BlackElo "2078"]
[WhiteFideId "5101832"]
[BlackFideId "30997550"]
[EventDate "2025.06.03"]

1. e4 e5 2. Nf3 Nf6 3. Bd3 Nc6 4. c3 d5 5. exd5 Qxd5 6. Bc2 Bg4 7. h3 Bh5 8. Qe2
O-O-O 9. d3 Bc5 10. Nbd2 Rhe8 11. Ne4 Bb6 12. Bg5 Qe6 13. Bb3 Qf5 14. g4 Nxg4
15. hxg4 Bxg4 16. Ned2 f6 17. Be3 Kb8 18. Bc2 Nd4 19. Nxd4 exd4 20. f3 Rxe3 21.
fxg4 Qxg4 22. Qxe3 dxe3 23. Ne4 f5 24. Bd1 Qg2 0-1

[Event "Titled Tue 3rd Jan Late"]
[Site "chess.com INT"]
[Date "2025.06.03"]
[Round "6"]
[White "Ambrogi, Agustin"]
[Black "Petrenko, Maryna"]
[Result "1-0"]
[WhiteTitle "FM"]
[BlackTitle "WFM"]
[WhiteElo "2237"]
[BlackElo "2116"]
[WhiteFideId "170933"]
[BlackFideId "14197820"]
[EventDate "2025.06.03"]

1. e4 c6 2. d4 d5 3. exd5 cxd5 4. c4 Nf6 5. Nc3 g6 6. Qb3 Bg7 7. cxd5 O-O 8. Be2
Nbd7 9. Bf3 Nb6 10. a4 Bg4 11. Bxg4 Nxg4 12. a5 Nc8 13. Nf3 Nd6 14. O-O Rb8 15.
Bf4 b6 16. a6 Rc8 17. h3 Nf6 18. Rfe1 Nf5 19. Be5 Nd7 20. Nb5 Nxe5 21. dxe5 Rc5
22. Nxa7 Rxd5 23. Nc6 Qd7 24. Qxb6 Rc8 25. a7 Ra8 26. Qb8+ 1-0

[Event "Titled Tue 3rd Jan Late"]
[Site "chess.com INT"]
[Date "2025.06.03"]
[Round "6"]
[White "Sharankov, Grigory"]
[Black "Ferraz, Michel Liah"]
[Result "1-0"]
[WhiteTitle "CM"]
[WhiteElo "2238"]
[BlackElo "1998"]
[WhiteFideId "4168356"]
[BlackFideId "22743219"]
[EventDate "2025.06.03"]

1. e4 c5 2. Nf3 Nc6 3. c3 Nf6 4. e5 Nd5 5. Bc4 Nb6 6. Bb3 d5 7. exd6 Qxd6 8. O-O
Bf5 9. Na3 e6 10. d4 Be7 11. Be3 cxd4 12. Nb5 Qd8 13. Nbxd4 Nxd4 14. Nxd4 Bg6
15. Qf3 O-O 16. Qxb7 Nd5 17. Nc6 Qe8 18. Bxd5 Bd6 19. Bf3 e5 20. Rad1 e4 21. Be2
Be5 22. Bc5 Qe6 1-0

[Event "Titled Tue 3rd Jan Late"]
[Site "chess.com INT"]
[Date "2025.06.03"]
[Round "6"]
[White "Shapiro, Daniel"]
[Black "Ferreira, Vitor Hugo Vieira"]
[Result "0-1"]
[WhiteTitle "FM"]
[WhiteElo "2284"]
[BlackElo "2128"]
[WhiteFideId "2001780"]
[BlackFideId "2119765"]
[EventDate "2025.06.03"]

1. d4 Nf6 2. c4 g6 3. Nc3 Bg7 4. e4 O-O 5. Be2 d6 6. Nf3 e5 7. O-O Bg4 8. dxe5
Bxf3 9. Bxf3 dxe5 10. Qxd8 Rxd8 11. Bg5 c6 12. Rfd1 Na6 13. Be3 b6 14. a3 Bf8
15. b4 Nc7 16. Rab1 Ne6 17. g3 Nd4 18. Bxd4 exd4 19. Ne2 Re8 20. Nxd4 Nxe4 21.
Re1 Nd2 22. Rxe8 Rxe8 23. Rc1 Rd8 24. Nxc6 Nxf3+ 25. Kg2 Rd3 0-1

[Event "Titled Tue 3rd Jan Late"]
[Site "chess.com INT"]
[Date "2025.06.03"]
[Round "6"]
[White "Hadzovic, Amir"]
[Black "Kobalia, Mikhail"]
[Result "0-1"]
[WhiteTitle "FM"]
[BlackTitle "GM"]
[WhiteElo "2354"]
[BlackElo "2538"]
[WhiteFideId "14402300"]
[BlackFideId "4119150"]
[EventDate "2025.06.03"]

1. e4 b6 2. Nc3 Bb7 3. Bc4 e6 4. d3 d5 5. Bb3 Nf6 6. f3 c5 7. Nge2 Bd6 8. O-O
Qc7 9. g3 O-O 10. Bg5 Nbd7 11. Bf4 Bxf4 12. Nxf4 c4 13. Ba4 Ne5 14. d4 Nxf3+ 15.
Qxf3 dxe4 16. Qe2 a6 17. Nh5 Nxh5 18. Qxh5 f5 19. Qe2 Rab8 20. b3 cxb3 21. Bxb3
Qxc3 22. Bxe6+ Kh8 23. Rad1 Rbd8 24. d5 Qe5 25. c4 b5 26. cxb5 Bxd5 27. Bxd5
Rxd5 28. Rxd5 Qxd5 29. bxa6 Ra8 30. Rd1 Qa5 31. Rd6 Qc5+ 0-1

[Event "Titled Tue 3rd Jan Late"]
[Site "chess.com INT"]
[Date "2025.06.03"]
[Round "6"]
[White "Bratovic, Blaz"]
[Black "Perry, Patrick"]
[Result "1-0"]
[WhiteTitle "IM"]
[WhiteElo "2319"]
[BlackElo "2296"]
[WhiteFideId "14603551"]
[BlackFideId "30917727"]
[EventDate "2025.06.03"]

1. e4 Nf6 2. e5 Nd5 3. d4 d6 4. Nf3 Bg4 5. Be2 e6 6. c4 Nb6 7. Nc3 Be7 8. exd6
cxd6 9. h3 Bh5 10. d5 e5 11. g4 Bg6 12. Be3 O-O 13. h4 h5 14. g5 N8d7 15. Bd3
Bxd3 16. Qxd3 g6 17. Nd2 Rc8 18. O-O-O Nc5 19. Bxc5 Rxc5 20. Kb1 Qc8 21. b3 Rc7
22. f4 exf4 23. Nde4 Re8 24. Rhf1 Qf5 25. Nb5 Rd7 26. Rde1 a6 27. Nd4 Qe5 28.
Nf3 Qf5 29. Nf6+ Bxf6 30. Rxe8+ 1-0

[Event "Titled Tue 3rd Jan Late"]
[Site "chess.com INT"]
[Date "2025.06.03"]
[Round "6"]
[White "Hernandez Leon, Sergio"]
[Black "Moosavifar, Seyed Abolfazl"]
[Result "1/2-1/2"]
[WhiteTitle "CM"]
[BlackTitle "FM"]
[WhiteElo "2106"]
[BlackElo "2303"]
[WhiteFideId "2285622"]
[BlackFideId "42548195"]
[EventDate "2025.06.03"]

1. e4 e5 2. Nf3 Nc6 3. d4 exd4 4. Nxd4 Nf6 5. Nxc6 bxc6 6. Nd2 d5 7. exd5 cxd5
8. Bb5+ Bd7 9. Bxd7+ Qxd7 10. O-O Be7 11. b3 O-O 12. Bb2 c5 13. Qf3 Rad8 14.
Rad1 Rfe8 15. Nc4 Qc7 16. Bxf6 dxc4 17. Bxe7 Qxe7 18. Rxd8 Rxd8 19. bxc4 Qd7 20.
h3 h6 21. Rb1 Qd4 22. Qd3 Qxd3 23. cxd3 Rxd3 24. Rb5 Ra3 25. Rxc5 Rxa2 26. Rc8+
Kh7 27. g4 Kg6 28. h4 Kf6 29. Kg2 Ke6 30. Kf3 a5 31. Ke3 a4 32. f4 f5 33. g5
hxg5 34. hxg5 a3 35. Kd4 Ra1 36. Rc6+ Kd7 37. Ra6 a2 38. Kc5 Kc7 39. g6 Kb7 40.
Ra3 Kc8 41. Ra7 Kb8 42. Ra3 Kb7 43. Rb3+ Kc7 44. Ra3 Kd7 45. Ra6 Ke7 46. Ra3 Rf1
47. Ra7+ Kf6 48. Ra6+ Ke7 49. Ra7+ Ke6 50. Ra6+ Kd7 51. Ra7+ Ke8 52. Ra8+ Ke7
53. Ra7+ 1/2-1/2

[Event "Titled Tue 3rd Jan Late"]
[Site "chess.com INT"]
[Date "2025.06.03"]
[Round "6"]
[White "Jasinski, Alexander"]
[Black "Shandrygin, Nikita"]
[Result "0-1"]
[BlackTitle "FM"]
[WhiteElo "1964"]
[BlackElo "2209"]
[WhiteFideId "55627994"]
[BlackFideId "24198668"]
[EventDate "2025.06.03"]

1. e4 e5 2. Nf3 f5 3. d3 Nc6 4. Nbd2 Nf6 5. g3 Bc5 6. Bg2 d6 7. O-O O-O 8. c3
fxe4 9. Nxe4 Nxe4 10. dxe4 a5 11. a4 Kh8 12. Qd3 Bg4 13. h3 Bh5 14. g4 Bg6 15.
Bg5 Rxf3 16. Qxf3 Qxg5 17. Rad1 Kg8 18. Qd3 Rf8 19. Qb5 Bb6 20. b4 h5 21. bxa5
hxg4 22. h4 Bxf2+ 23. Rxf2 Qe3 24. Rf1 Rxf2 25. Rxf2 g3 26. a6 Qxf2+ 27. Kh1
bxa6 28. Qc4+ Kh7 29. h5 Bxh5 30. Qxa6 Qe1+ 31. Bf1 Bf3+ 32. Kg1 Qf2# 0-1

[Event "Titled Tue 3rd Jan Late"]
[Site "chess.com INT"]
[Date "2025.06.03"]
[Round "6"]
[White "Andrews, Todd"]
[Black "Bustelo, Tabare"]
[Result "1-0"]
[WhiteTitle "FM"]
[BlackTitle "CM"]
[WhiteElo "2097"]
[BlackElo "2043"]
[WhiteFideId "2012456"]
[BlackFideId "3000362"]
[EventDate "2025.06.03"]

1. d4 c5 2. d5 d6 3. c4 b5 4. cxb5 a6 5. e4 g6 6. Nc3 Bg7 7. Nf3 Nf6 8. a4 O-O
9. Qc2 Bb7 10. Be2 e6 11. dxe6 fxe6 12. O-O d5 13. exd5 exd5 14. Ng5 Qd6 15. Bf3
Nbd7 16. g3 Ne4 17. Ncxe4 dxe4 18. Bxe4 Bxe4 19. Qxe4 axb5 20. Bf4 Qd4 21. Qe6+
Kh8 22. Nf7+ Rxf7 23. Qxf7 Rf8 24. Qe6 Nf6 25. axb5 Qxb2 26. Ra7 Re8 27. Re7
Rxe7 28. Qxe7 c4 29. Be5 c3 30. Bxf6 Bxf6 31. Qf8# 1-0

[Event "Titled Tue 3rd Jan Late"]
[Site "chess.com INT"]
[Date "2025.06.03"]
[Round "6"]
[White "Alvarado, Carlos"]
[Black "Mafra, Kaiser Luiz"]
[Result "1-0"]
[WhiteTitle "CM"]
[BlackTitle "CM"]
[WhiteElo "2032"]
[BlackElo "2094"]
[WhiteFideId "3800555"]
[BlackFideId "2106698"]
[EventDate "2025.06.03"]

1. Nf3 Nf6 2. d4 g6 3. Bg5 Bg7 4. Nbd2 h6 5. Bh4 g5 6. Bg3 O-O 7. c3 d6 8. e4 c5
9. Qc2 cxd4 10. Nxd4 Nc6 11. Nf5 Bxf5 12. exf5 Nh5 13. Be2 Nxg3 14. hxg3 Rc8 15.
Qe4 Qa5 16. Nb3 Qe5 17. Bd3 Qxe4+ 18. Bxe4 Rc7 19. Bxc6 bxc6 20. g4 Rb8 21.
O-O-O Rcb7 22. Rd2 c5 23. Rc2 Kh7 24. Re1 Be5 25. g3 Kg7 26. Na5 Rb6 27. Nc4 Bf6
28. Nxb6 Rxb6 29. Re4 d5 30. Ra4 a6 31. b4 cxb4 32. Rxb4 Rc6 33. Kd2 Be5 34. Kd3
Kf6 35. a4 Bd6 36. Rb7 e5 37. fxe6 fxe6 38. c4 d4 39. Kxd4 Bc5+ 40. Ke4 Rd6 41.
Rc7 a5 42. Rxc5 1-0

[Event "Titled Tue 3rd Jan Late"]
[Site "chess.com INT"]
[Date "2025.06.03"]
[Round "6"]
[White "Crispin Ferreras, Darvi Abraham"]
[Black "Raptis, Nick"]
[Result "0-1"]
[WhiteTitle "CM"]
[BlackTitle "FM"]
[WhiteElo "2124"]
[BlackElo "2220"]
[WhiteFideId "6402771"]
[BlackFideId "2016850"]
[EventDate "2025.06.03"]

1. d4 Nf6 2. c4 g6 3. Nc3 Bg7 4. e4 O-O 5. Nf3 d6 6. Be2 e5 7. O-O Nc6 8. d5 Ne7
9. h3 Nd7 10. Ne1 f5 11. Nd3 Nf6 12. f3 f4 13. c5 g5 14. cxd6 cxd6 15. Bd2 Ng6
16. Be1 Rf7 17. Rc1 Bf8 18. Bf2 h5 19. Nb5 g4 20. hxg4 hxg4 21. fxg4 Nxe4 22.
Bf3 Ng5 23. Re1 a6 24. Nc3 b5 25. Nb4 Rh7 26. Ne4 Nh4 27. Nxg5 Qxg5 28. Nc6
Nxf3+ 29. gxf3 Qh6 30. Kf1 Qh3+ 31. Ke2 e4 32. Qd4 Qxf3+ 33. Kd2 Rh2 34. Qxe4
Rxf2+ 0-1

[Event "Titled Tue 3rd Jan Late"]
[Site "chess.com INT"]
[Date "2025.06.03"]
[Round "6"]
[White "Flynn, Jacob"]
[Black "Torosyan, Volodya"]
[Result "0-1"]
[WhiteTitle "CM"]
[BlackTitle "CM"]
[WhiteElo "2271"]
[BlackElo "2186"]
[WhiteFideId "2509393"]
[BlackFideId "13319051"]
[EventDate "2025.06.03"]

1. d4 e6 2. c4 d5 3. Nf3 Be7 4. Nc3 Nf6 5. g4 dxc4 6. g5 Nd5 7. e4 Nxc3 8. bxc3
b5 9. h4 Bb7 10. Qc2 c5 11. Bg2 cxd4 12. cxd4 Bb4+ 13. Kf1 Nc6 14. Be3 a6 15. h5
Ne7 16. Ne5 Bd6 17. Ng4 Ng8 18. Rd1 h6 19. g6 fxg6 20. hxg6 Ne7 21. e5 Bxg2+ 22.
Kxg2 Bc7 23. Nf6+ gxf6 24. exf6 Qd5+ 25. f3 Nf5 26. Bf2 O-O-O 27. Qe4 Rhg8 28.
g7 Nxg7 29. fxg7 Rxg7+ 30. Kf1 Qxe4 31. fxe4 Rf8 32. Ke1 Rg2 33. Be3 Bg3+ 0-1